UBT Library

ENDOCRINOLOGY (Record no. 58346)

000 -LEADER
fixed length control field 00316nam a22001457a 4500
008 - FIXED-LENGTH DATA ELEMENTS--GENERAL INFORMATION
fixed length control field 221005b ||||| |||| 00| 0 eng d
020 ## - INTERNATIONAL STANDARD BOOK NUMBER
International Standard Book Number 0808911147
041 ## - LANGUAGE CODE
Language code of text/sound track or separate title eng
080 ## - UNIVERSAL DECIMAL CLASSIFICATION NUMBER
Edition identifier volume 1
Universal Decimal Classification number 616.8
082 ## - DEWEY DECIMAL CLASSIFICATION NUMBER
Classification number 616.8DEG
100 ## - Rafti
Rafti 12
101 ## - Shkurtesa
Shkurtesa KAN
245 ## - TITLE STATEMENT
Title ENDOCRINOLOGY
Statement of responsibility, etc DEGROOT L
942 ## - ADDED ENTRY ELEMENTS (KOHA)
Source of classification or shelving scheme
Item type Books
Holdings
Withdrawn status Lost status Source of classification or shelving scheme Damaged status Not for loan Collection code Permanent location Current location Date acquired Total Checkouts Full call number Barcode Date last seen Price effective from Koha item type
          Koleksioni i përgjithshem UBT - Lipjan UBT - Lipjan 10/05/2022   616.8DEG 002-800028561 10/05/2022 10/05/2022 Books
          Koleksioni i përgjithshem UBT - Lipjan UBT - Lipjan 10/05/2022   616.8DEG 002-800028562 10/05/2022 10/05/2022 Books
          Koleksioni i përgjithshem UBT - Lipjan UBT - Lipjan 10/05/2022   616.8DEG 002-800028563 10/05/2022 10/05/2022 Books
UBT Library © 2015-2024. All rights reserved University Education for Business and Technology